000 00420nam a2200157 i 4500
001 69772
003 ES-MaACL
005 20230906170619.0
007 t|
008 040712s1982 bl ||||1| spa d
100 1 _aGarcía-Guillén, Mario.
_954738
245 1 0 _aPoemas de amor e solidao /
_cMario García-Guillén.
260 _aSao Paulo :
_bLoyola,
_c1982.
300 _a63 p. ;
_c22 cm.
852 _aES-MaACL
_jL-3149
999 _c69772
_d69772